000 00677naa a2200229 i 4500
001 58392
003 ES-MaBCM
005 20241016112008.0
008 990217s1999 gbr 000 0 eng d
021 _axx
035 _a(OCoLC)1365154946
040 _cES-MaBCM
041 0 _aeng
043 _agbr
100 1 _aWiwa, Ken
_949616
245 1 0 _aIs there life in the crippled giant?
_b: Nigeria
_cKen Wiwa
520 _aEl artículo anterior es sobre el mismo tema (p. 10-12)
651 2 0 _aNigeria
_9118699
650 2 7 _aSituación política
_960283
773 0 _aEn:
_tThe world today
_dLondon : 1999
_w104754
_gvol. 55, no. 2, Feb., p. 13-14. - Loc. S.88
942 _cAREV
999 _c58392
_d58392